01361nam a2200313 a 4500001001300000003000900013005001700022008004100039020001800080040002800098043001200126082002200138100004800160245006500208260008000273300002800353490001900381490003400400600007600434650003200510650002900542650002900571650003100600942000800631999001700639952012200656952013400778952013500912C01476918c-7CO-ViMGA20230915233138.0150319s2014 ck gr 0001p spa d a9789587722017 aCO-ViMGAbspacCO-ViMGA ae-sp---04a861.5 bJ45c 2191 aJiménez, Juan Ramón, d1881-1958.9407910a{Como era, Dios mío, cómo era? / cJuan Ramón Jimenez. aBogotá : bUniversidad Externado de Colombia. Decanatura Cultural,c2014. a73 páginas ; c15 cm.1 aEl malpensante1 aUn libro por centavos ; v10714aJiménez, Juan Ramón, d1881-1958. tPlatero y yov Poesías.9408014aAnimalesv Poesías.9273214aAsnosv Poesías.9408114aNochev Poesías.9406914aPoesía española.93115 2ddc c35662d35662 01102ddc44708003aMEVIECARbMEVIECARd2016-08-23l0o861.5 J45cp30310r2016-08-23 00:00:00tEj.1w2016-08-23yBK 001040708012aMEVIGERRbMEVIGERRcLITd2018-04-11oP JIM2cpECA26573r2024-11-26 09:16:53tEj.1w2024-11-26yBKz19875 | 25610 00102ddc40708GENaMEPLOPEZbMEPLOPEZcGENd2025-10-28l0o861.5 J45c pPLZ03894r2025-10-28 19:19:22tEj.1w2025-10-28yBKLIT